000 00592nam a2200193 u 4500
005 20220916063551.0
008 121120s2010 r 000 0 eng d
020 _a9789807094047
035 _aUPN01000188735
049 _aI
050 4 _aPZ71
_bM6.78
100 1 _aMoreno, Lym,
_d1982-
_933421
245 1 0 _aSueño sin soñador /
_cTexto e il. Lym Moreno.
260 _aCaracas :
_bLa Barca de la Luna,
_c2010.
300 _a[18] p. :
_bprincipalmente il. col.
650 4 _aLITERATURA INFANTIL VENEZOLANA
_912650
650 7 _aLibros ilustrados para niños
_2
_921365
905 _aInfantil
999 _c160838
_d160838